| 000 | 00560nam a2200217Ia 4500 | ||
|---|---|---|---|
| 003 | OSt | ||
| 005 | 20220218140430.0 | ||
| 008 | 210210b2004 xxu||||| |||| 00| 0 eng d | ||
| 020 | _a81 219 1787 5 | ||
| 040 |
_aAL _c |
||
| 041 | _aEnglish | ||
| 082 | _a546 PRAA | ||
| 100 |
_aPRAKASH (Satya) & Others _920899 |
||
| 245 | _aAdvanced inorganic chemistry. Vol.II | ||
| 260 |
_aND _bS. Chand & Co. Ltd. _c2004 |
||
| 300 | _axiii,626 | ||
| 650 |
_aInorganic Chemistry _920900 |
||
| 690 |
_aInorganic Chemistry _920900 |
||
| 906 | _a059230 | ||
| 942 |
_2ddc _cBK |
||
| 999 |
_c106463 _d106463 |
||